| 000 | 00607nam a2200217 a 4500 | ||
|---|---|---|---|
| 005 | 20240910064144.0 | ||
| 008 | 050923s2004 mx r 000 0 spa d | ||
| 020 | _a8426414435 | ||
| 035 | _aUPN01000140295 | ||
| 049 | _aCG | ||
| 050 | 4 |
_aBF575 L8 _bF4.2 |
|
| 100 | 1 | _aFernández Montes, Montse | |
| 245 | 1 | 3 |
_aEl alfabeto del amor / _cMontse Fernández Montes ; pról. de Vicente Verdú. |
| 260 |
_aBarcelona, Esp. : _bLumen, _c2004. |
||
| 300 | _a317 p. | ||
| 440 | 0 | _aEnsayo | |
| 650 | 4 |
_aAmor _94320 |
|
| 650 | 2 |
_aErotismo _910081 |
|
| 650 | 4 |
_aRelaciones interpersonales _91551 |
|
| 905 | _aLibro | ||
| 999 |
_c112443 _d112443 |
||